En quelle année? MCU - Statistiques

Statistiques générales
  • Ce quiz a été pris 51 fois
  • Le résultat moyen est 37 sur 40
Statistiques - réponses
Film Année % Correct
Iron Man 2008
95%
L'Incroyable Hulk 2008
95%
Iron Man 2 2010
95%
Captain America: First Avenger 2011
95%
Thor 2011
95%
Avengers 2012
95%
The Amazing Spider-Man 2012
95%
Iron Man 3 2013
95%
Captain America: le Soldat de l'Hiver 2014
95%
Spider-Man 2002
93%
Spider-Man 2 2004
93%
Spider-Man 3 2007
93%
Thor: le Monde des Ténèbres 2013
93%
The Amazing Spider-Man 2 2014
93%
Les Gardiens de la Galaxie 2014
93%
Avengers: l'Ere d'Ultron 2015
93%
Ant-Man 2015
93%
Captain America: Civil War 2016
93%
Doctor Strange 2016
93%
Les Gardiens de la Galaxie Vol. 2 2017
93%
Spider-Man: Homecoming 2017
93%
Thor Ragnarok 2017
93%
Black Panther 2018
93%
Ant-Man et la Guêpe 2018
93%
Avengers: Infinity War 2018
93%
Captain Marvel 2019
93%
Avengers: Endgame 2019
93%
Spider-Man: Far From Home 2019
93%
Spider-Man: No Way Home 2021
93%
Les Eternels 2021
93%
Shang-Chi et la Légende des Dix Anneaux 2021
93%
Thor: Love & Thunder 2021
93%
Doctor Strange in the Multiverse of Madness 2022
93%
Black Panther: Wakanda Forever 2022
93%
The Marvels 2022
93%
Ant-Man et la Guêpe: Quantumania 2023
93%
Les Gardiens de la Galaxie Vol. 3 2023
93%
Captain America: Brave New World 2025
93%
Thunderbolts 2025
93%
Black Widow 2021
91%
Aucun quiz correspondant
Distribution des résultats
% des personnes avec chaque résultat
Percentile par nombre de réponses
Votre historique - résultats
Vous n’avez pas pris ce quiz